01442nam a2200361 a 4500001001200000003000800012006001900020007001500039008004100054020001800095020002700113040002100140035002100161050002300182245008700205250001200292260005300304300002300357490007600380504004100456533015200497650002800649650004200677650002700719650004100746655002900787700001700816700002200833710001700855830006500872856012600937999001701063ebr10400676CaPaEBRm u cr cn|||||||||100802s2010 enka sb 000 0 eng d z9781849506984 z9781849506991 (e-book) aCaPaEBRcCaPaEBR a(OCoLC)68028441814aCB482b.W38 2010eb00aWater communitiesh[electronic resource] /cedited by Rajib Shaw, Danai Thaitakoo. a1st ed. aBingley, U.K. :bEmerald Group Pub. Ltd.,c2010. axx, 274 p. :bill.1 aCommunity, environment and disaster risk management,x2040-7262 ;vv. 2 aIncludes bibliographical references. aElectronic reproduction.bPalo Alto, Calif. :cebrary,d2011.nAvailable via World Wide Web.nAccess may be limited to ebrary affiliated libraries. 0aWater and civilization. 0aWater and civilizationvCase studies. 0aWaterxSocial aspects. 0aWaterxSocial aspectsvCase studies. 7aElectronic books.2local1 aShaw, Rajib.1 aThaitakoo, Danai.2 aebrary, Inc. 0aCommunity, environment and disaster risk management ;vv. 2.40uhttp://site.ebrary.com/lib/rucke/Doc?id=10400676zAn electronic book accessible through the World Wide Web; click to view c94256d94256